000 00913na a2200301 4500
001 15015
003 MIRAKIL
005 20181213155024.0
008 161020b tu 000 0
020 _a9789757105855
035 _a15015
040 _aMilas
_btur
_cTR-AnCHP
041 _atur
082 _a922.97 Mevdudi
_bK47ç [t.y.]
090 _a922.97 Mevdudi K47ç [t.y.]
100 _aKışlakçı, Turan
245 _aÇağa iz bırakan müslüman önderler
_bMevdudi
_cTuran Kışlakçı
246 _aMevdudi
260 _aİstanbul
_bİlke Yayıncılık
_c[t.y.]
300 _a176 s.
_c19 sm.
490 _aÇağa iz bırakan müslüman önderler
_v10
490 _aİlke Yayıncılık
_v102
500 _aÖzgün yapıt adı: Mevdudi
504 _aKaynakça var.
600 _aMevdudi
_d1903-1979
_xYaşamöyküsü
650 _aMüslüman önderler
_xYaşamöyküsü
942 _2ddc
_cBKS
999 _c5006
_d5006